| 000 | 00327nam a2200121Ia 4500 | ||
|---|---|---|---|
| 008 | 230907s9999||||xx |||||||||||||| ||und|| | ||
| 082 |
_a629.8312 _bLEI |
||
| 100 |
_aLeigh, J. R. _967859 |
||
| 245 | 0 | _aControl theory / | |
| 260 |
_aInstitution of Electrical Engineers, _bLondon : _c2004 |
||
| 300 | _axxi, 297 p. : | ||
| 942 | _cBK | ||
| 999 |
_c599332 _d599332 |
||